| 000 | 00847cam a2200229 a 4500 | ||
|---|---|---|---|
| 001 | 728143 | ||
| 005 | 20180115045014.0 | ||
| 008 | 980924s1999 cauab b 001 0 eng | ||
| 010 | _a 98044708 | ||
| 020 | _a076740453X | ||
| 040 |
_aDLC _cDLC _dDLC |
||
| 041 | _aeng | ||
| 080 | _a930.1 FED | ||
| 082 | 0 | 0 |
_a930.1 FED _221 |
| 100 | _a42 | ||
| 101 | _aARK | ||
| 245 | 0 | 0 |
_aLessons from the past : _c[compiled by] Kenneth L. Feder. |
| 504 | _aIncludes bibliographical references and index. | ||
| 906 |
_a7 _bcbc _corignew _d1 _eocip _f19 _gy-gencatlg |
||
| 942 |
_2ddc _cBK |
||
| 999 |
_c40247 _d40247 |
||